Naruto: Enigme Personnages (Anime) #2 - Statistiques

Statistiques générales
  • Ce quiz a été pris 1 474 fois
  • Le résultat moyen est 15 sur 26
Statistiques - réponses
Indice Lettre Personnage % Correct
A Enseigne une technique de B à W A Jiraya
95%
B meurt en protégeant son village de H B Hokage le quatrième
93%
W sort de la solitude grâce à R W Naruto
87%
X a quitté l'organisation dont M et U font parti X Orochimaru
84%
Y est le petit fils de C Y Konohamaru
78%
U est membre de la même organisation que M U Itachi
77%
H est à W ce que E est à J H Kyûbi
76%
C est le professeur de X C Hokage le troisième
75%
M accompagne U lorsqu'il retourne dans son village M Kisame
75%
N est le premier a subir l'attaque de W que A lui a enseigné N Kabuto
68%
R est orphelin depuis que H a tué ses parents R Iruka
66%
D est un des sept renégats ayant élevé K D Zabuza
65%
K meurt au pays de S, tué par P K Haku
63%
L s'apprête a tuer X avant que N ne l'en empêche L Tsunade
63%
J est le fils de I J Gaara
62%
P réconforte S après que W l'ait insulté P Kakashi
57%
Q est le grand père de L Q Hokage le premier
55%
E ne peut sortir que si J dort E Shukaku
52%
I est tué par X. Il est le père de J I Kazekage le quatrième
50%
F est le fiancé de L F Dan
46%
T est la partenaire d'équipe de Y T Moegi
40%
S est un petit garçon du pays des vagues S Inari
30%
G a croisé K et D le soir ou son clan s'est fait massacrer G Kimimaro
10%
V veut rejoindre X mais ce dernier ne s'intéresse pas à lui V Mizuki
4%
O déteste D et M d'après ce qu'il dit a W O Raïga
3%
Z a été élevé par O Z Ranmaru
2%
Aucun quiz correspondant
Distribution des résultats
% des personnes avec chaque résultat
Percentile par nombre de réponses
Votre historique - résultats
Vous n’avez pas pris ce quiz